Instruments #2 - Statistics

General Stats
  • This quiz has been taken 41 times
  • The average score is 7 of 12
Answer Stats
Picture Answer % Correct
flute
95%
trumpet
95%
clarinet
84%
trombone
84%
French horn
82%
oboe
76%
tuba
74%
bassoon
55%
Euphonium
32%
cornet
29%
saxaphone
29%
soprano saxophone
8%
No matching quizzes found
Score Distribution
Percent of People with Each Score
Percentile by Number Answered
Your Score History
You have not taken this quiz